000 00624nam a2200205Ia 4500
001 3332
003 GE_BSU
008 181216s||||||||xx |||||||||||||| ||und||
040 _cGE_BSU
080 _a622:621.43
100 _aЛогинов, В.С.
245 _aСтроительные конструкции городских газопроводов.
260 _aМ.
260 _bСтройиздат.
260 _c1974.
300 _a251 стр. с илл. 23 см.
300 _eтабл.
653 _aСтроительные конструкции городских газопроводов.
942 _cBK
999 _c37373
_d37373